[Event "ODJM A 2017"]
[Site "Willingen GER"]
[Date "2017.06.04"]
[Round "2"]
[White "Joeres, Stefan"]
[Black "Greßmann, Hanna"]
[Result "1/2-1/2"]
[Termination "normal"]
[Board "24"]
[WhiteElo "1995"]
[BlackElo "1840"]
[PlyCount "74"]
[WhiteFideId "12983160"]
[BlackFideId "12930709"]
[EventCountry "GER"]
[EventRounds "9"]
[EventType "swiss"]
[EventDate "2017.06.03"]

1. e4 e5 2. Nf3 Nc6 3. Bb5 a6 4. Ba4 Nf6 5. O-O Bc5 6. d3 d6 7. c3 O-O 8. h3 h6
9. Bc2 Ba7 10. d4 b5 11. Be3 Bb7 12. Nbd2 Re8 13. d5 Ne7 14. Bxa7 Rxa7 15. a4
Ra8 16. axb5 axb5 17. Qe2 c6 18. c4 bxc4 19. dxc6 Bxc6 20. Nxc4 Bb5 21. Bd3
Bxc4 22. Bxc4 Qb6 23. Ra3 Rxa3 24. bxa3 Qa5 25. Qd3 Qc5 26. Qb3 Rf8 27. Rc1 Qa5
28. Qd3 Rd8 29. a4 d5 30. exd5 e4 31. Qe2 Nexd5 32. Nh2 Qxa4 33. Rd1 Qe8 34.
Ng4 Nxg4 35. Qxg4 Nf6 36. Rxd8 Qxd8 37. Qe2 Qe7 1/2-1/2

[Event "ODJM A 2017"]
[Site "Willingen GER"]
[Date "2017.06.04"]
[Round "2"]
[White "Schumann, Oliver"]
[Black "Englert, Jon"]
[Result "1/2-1/2"]
[Termination "normal"]
[Board "25"]
[WhiteElo "1875"]
[BlackElo "1929"]
[PlyCount "50"]
[WhiteFideId "1270397"]
[BlackFideId "12992275"]
[EventCountry "GER"]
[EventRounds "9"]
[EventType "swiss"]
[EventDate "2017.06.03"]

1. e4 c5 2. Nf3 d6 3. d4 cxd4 4. Nxd4 Nf6 5. Nc3 g6 6. Be3 Bg7 7. f3 a6 8. Qd2
Nbd7 9. O-O-O h5 10. Nb3 b5 11. Kb1 Bb7 12. Bd4 Qc7 13. Bd3 O-O-O 14. Qe2 e5
15. Bf2 Nc5 16. a3 Rd7 17. Rhe1 Rhd8 18. Be3 Kb8 19. Qf2 Rc8 20. Rf1 Bf8 21.
Rfe1 Be7 22. Ka1 Rg8 23. Kb1 h4 24. Bf1 Rc8 25. g3 hxg3 1/2-1/2

[Event "ODJM A 2017"]
[Site "Willingen GER"]
[Date "2017.06.04"]
[Round "2"]
[White "Faulhaber, Tobias"]
[Black "Göttel, Tobias"]
[Result "1/2-1/2"]
[Termination "normal"]
[Board "26"]
[WhiteElo "1850"]
[BlackElo "1976"]
[PlyCount "48"]
[WhiteFideId "1271914"]
[BlackFideId "24693316"]
[EventCountry "GER"]
[EventRounds "9"]
[EventType "swiss"]
[EventDate "2017.06.03"]

1. c4 c5 2. Nc3 Nc6 3. g3 g6 4. Bg2 Bg7 5. e3 d6 6. Nge2 e6 7. O-O Nge7 8. b3
O-O 9. Bb2 b6 10. d4 Bb7 11. dxc5 dxc5 12. Qxd8 Raxd8 13. Rad1 Rxd1 14. Rxd1
Rd8 15. Rxd8+ Nxd8 16. Bxb7 Nxb7 17. Nd1 Nf5 18. Bxg7 Kxg7 19. Ndc3 Nbd6 20.
Kg2 Ne7 21. Nc1 Nc6 22. Nd3 f5 23. Nb5 Ne4 24. f3 Nf6 1/2-1/2

[Event "ODJM A 2017"]
[Site "Willingen GER"]
[Date "2017.06.04"]
[Round "2"]
[White "Wanner, Lukas"]
[Black "Bethke, Robert"]
[Result "1-0"]
[Termination "normal"]
[Board "27"]
[WhiteElo "2002"]
[BlackElo "1864"]
[PlyCount "119"]
[WhiteFideId "12918148"]
[BlackFideId "12959251"]
[EventCountry "GER"]
[EventRounds "9"]
[EventType "swiss"]
[EventDate "2017.06.03"]

1. e4 c5 2. Nf3 Nc6 3. Bb5 g6 4. Bxc6 bxc6 5. O-O Bg7 6. Re1 Nf6 7. e5 Nd5 8.
c4 Nb6 9. d3 O-O 10. Bf4 d5 11. Nbd2 Bf5 12. Qe2 dxc4 13. dxc4 Bd3 14. Qe3 Nxc4
15. Nxc4 Bxc4 16. Qxc5 Bd5 17. b3 Re8 18. Rac1 Qb6 19. Nd4 Rac8 20. Re2 e6 21.
Rec2 Bf8 22. Qxb6 axb6 23. Nxc6 Bc5 24. Nb4 Ra8 25. Nxd5 exd5 26. Rd1 Red8 27.
Bg5 Rd7 28. Rdc1 d4 29. a4 d3 30. Rc4 d2 31. Rd1 Rd3 32. Rxd2 Rxb3 33. g3 Ra3
34. Bf6 Kf8 35. h4 h5 36. Kg2 Ke8 37. Bg5 Be7 38. Be3 R3xa4 39. Rxa4 Rxa4 40.
Bxb6 f5 41. exf6 Bxf6 42. Be3 Kf7 43. Rc2 Ke6 44. Rc6+ Kf5 45. Rc5+ Ke6 46. Rb5
Re4 47. Kf3 Re5 48. Rb6+ Kf7 49. Rxf6+ Kxf6 50. Bd4 Kf5 51. Bxe5 Kxe5 52. Ke3
Kf5 53. Kd4 g5 54. hxg5 Kxg5 55. f3 Kf5 56. Ke3 Kg5 57. Ke4 Kg6 58. f4 Kf6 59.
f5 Kg5 60. Ke5 1-0

[Event "ODJM A 2017"]
[Site "Willingen GER"]
[Date "2017.06.04"]
[Round "2"]
[White "Bayer, Martin"]
[Black "Meyer, Henrik"]
[Result "0-1"]
[Termination "normal"]
[Board "28"]
[WhiteElo "1751"]
[BlackElo "2125"]
[PlyCount "100"]
[WhiteFideId "16206924"]
[BlackFideId "12958182"]
[EventCountry "GER"]
[EventRounds "9"]
[EventType "swiss"]
[EventDate "2017.06.03"]

1. Nf3 c5 2. e4 d6 3. d4 cxd4 4. Nxd4 Nf6 5. Nc3 a6 6. Be2 e5 7. Nb3 Be6 8. Be3
Be7 9. h3 Nbd7 10. Qd2 b5 11. f3 h5 12. Nd5 Bxd5 13. exd5 Nb6 14. Bxb6 Qxb6 15.
Na5 Rc8 16. Nc6 Nxd5 17. Qxd5 Qxc6 18. Qxc6+ Rxc6 19. O-O-O h4 20. Rd5 Bg5+ 21.
Kb1 Ke7 22. a4 b4 23. Ra5 Rhc8 24. Bd3 Be3 25. Rxa6 Rxa6 26. Bxa6 Ra8 27. Bb5
d5 28. Ka2 Kd6 29. Kb3 Kc5 30. Re1 Bf4 31. c3 bxc3 32. Kxc3 d4+ 33. Kb3 Rd8 34.
Bd3 Rb8+ 35. Ka3 g6 36. Rb1 f5 37. Re1 Kd5 38. Re2 Rc8 39. a5 Be3 40. b3 e4 41.
fxe4+ fxe4 42. Bc4+ Ke5 43. a6 Kf4 44. Re1 d3 45. Kb2 Bd4+ 46. Kc1 e3 47. Kd1
Ke4 48. Rh1 Rf8 49. Bb5 Rf2 50. Re1 Ra2 0-1

[Event "ODJM A 2017"]
[Site "Willingen GER"]
[Date "2017.06.04"]
[Round "2"]
[White "Reindl, Knut"]
[Black "Meulner, Fabian"]
[Result "1/2-1/2"]
[Termination "normal"]
[Board "29"]
[WhiteElo "1687"]
[BlackElo "1969"]
[PlyCount "59"]
[WhiteFideId "12946753"]
[BlackFideId "12913936"]
[EventCountry "GER"]
[EventRounds "9"]
[EventType "swiss"]
[EventDate "2017.06.03"]

1. c4 b6 2. Nf3 Bb7 3. g3 Bxf3 4. exf3 c5 5. Bg2 Nc6 6. Nc3 g6 7. d3 Bg7 8. O-O
Nh6 9. Rb1 Nf5 10. Be3 O-O 11. a3 d6 12. f4 Qd7 13. Ne2 Rac8 14. h3 e6 15. g4
Nfd4 16. Nxd4 cxd4 17. Bd2 Ne7 18. b4 d5 19. Qb3 dxc4 20. dxc4 Rfd8 21. Rfd1
Qc7 22. Rbc1 Qb8 23. Qd3 a6 24. Rc2 Qa7 25. Re1 Qd7 26. Bc1 Qa4 27. Bb2 Nd5 28.
Bxd5 exd5 29. Rec1 dxc4 30. Rxc4 1/2-1/2

[Event "ODJM A 2017"]
[Site "Willingen GER"]
[Date "2017.06.04"]
[Round "2"]
[White "Orshonova, Elena"]
[Black "Schäfer, Nicolas"]
[Result "1-0"]
[Termination "normal"]
[Board "30"]
[WhiteTitle "WFM"]
[WhiteElo "2019"]
[BlackElo "1656"]
[PlyCount "135"]
[WhiteFideId "24174750"]
[BlackFideId "12988901"]
[EventCountry "GER"]
[EventRounds "9"]
[EventType "swiss"]
[EventDate "2017.06.03"]

1. e4 c5 2. Nf3 d6 3. d4 cxd4 4. Nxd4 Nf6 5. Nc3 g6 6. Be2 Bg7 7. Be3 O-O 8.
Qd2 Nc6 9. f3 Bd7 10. O-O-O a6 11. g4 b5 12. g5 Ne8 13. h4 b4 14. Nd5 a5 15.
Nxc6 Bxc6 16. Bb6 Qd7 17. Bd4 Bxd5 18. Bxg7 Kxg7 19. Qxd5 Nc7 20. Qd4+ Kg8 21.
h5 Ne6 22. Qe3 a4 23. hxg6 fxg6 24. Bc4 Rac8 25. Qd4 Rxc4 26. Qxc4 Rc8 27. Qxb4
Qc6 28. c3 Nxg5 29. Rdf1 Ne6 30. Kb1 Qa6 31. f4 Rc4 32. Qb8+ Rc8 33. Qb4 Rc4
34. Qa3 Nc7 35. b3 Nb5 36. Qb2 Nxc3+ 37. Ka1 axb3 38. Qxb3 d5 39. Rf2 Nxe4 40.
Rb2 Qc6 41. Qb8+ Kg7 42. Qe5+ Qf6 43. Qxd5 Rd4 44. Qe5 Ng3 45. Re1 Qxe5 46.
fxe5 h5 47. Rb7 Kf7 48. Kb2 h4 49. Kc3 Rg4 50. Rb4 Rxb4 51. Kxb4 h3 52. a4 Ke6
53. a5 Kd7 54. Rc1 Ne2 55. e6+ Kd6 56. a6 Nxc1 57. a7 Nd3+ 58. Kb5 Nf4 59. a8=Q
Nd5 60. Qc6+ Ke5 61. Kc5 Nf4 62. Qc7+ Kf5 63. Qxe7 Nxe6+ 64. Kd6 Nf4 65. Qd7+
Kg5 66. Ke5 h2 67. Qd1 Nh3 68. Qd2+ 1-0

[Event "ODJM A 2017"]
[Site "Willingen GER"]
[Date "2017.06.04"]
[Round "2"]
[White "Ortmeier, Leonhard"]
[Black "Wissing, Philipp"]
[Result "1-0"]
[Termination "normal"]
[Board "31"]
[WhiteElo "1921"]
[BlackElo "1749"]
[PlyCount "29"]
[WhiteFideId "12993662"]
[BlackFideId "12993654"]
[EventCountry "GER"]
[EventRounds "9"]
[EventType "swiss"]
[EventDate "2017.06.03"]

1. e4 Nf6 2. e5 Nd5 3. d4 d6 4. c4 Nb6 5. f4 dxe5 6. fxe5 e6 7. Nc3 c5 8. d5
Be7 9. Nf3 exd5 10. cxd5 Bg4 11. d6 Bxf3 12. Qxf3 Bg5 13. Bb5+ N8d7 14. e6 fxe6
15. Qh5+ 1-0

[Event "ODJM A 2017"]
[Site "Willingen GER"]
[Date "2017.06.04"]
[Round "2"]
[White "Wiesner, Alexander"]
[Black "Grund, Sebastian"]
[Result "1-0"]
[Termination "normal"]
[Board "32"]
[WhiteElo "1917"]
[BlackElo "1840"]
[PlyCount "37"]
[WhiteFideId "12943991"]
[BlackFideId "12988626"]
[EventCountry "GER"]
[EventRounds "9"]
[EventType "swiss"]
[EventDate "2017.06.03"]

1. e4 c5 2. Nf3 g6 3. d4 cxd4 4. Nxd4 Nc6 5. c4 Bg7 6. Be3 Nf6 7. Nc3 Ng4 8.
Qxg4 Nxd4 9. Qd1 e5 10. Bd3 d6 11. O-O O-O 12. Rc1 Be6 13. b3 Rc8 14. Qd2 a6
15. Bh6 Qa5 16. Bxg7 Kxg7 17. f4 exf4 18. Rxf4 Qg5 19. Rxf7+ 1-0

[Event "ODJM A 2017"]
[Site "Willingen GER"]
[Date "2017.06.04"]
[Round "2"]
[White "Köllner, Felicitas Ophelia"]
[Black "Reitz, Philipp"]
[Result "0-1"]
[Termination "normal"]
[Board "33"]
[WhiteElo "1698"]
[BlackElo "1954"]
[PlyCount "72"]
[WhiteFideId "16207521"]
[BlackFideId "12973297"]
[EventCountry "GER"]
[EventRounds "9"]
[EventType "swiss"]
[EventDate "2017.06.03"]

1. d4 Nf6 2. Nf3 g6 3. Nbd2 d5 4. b4 Bg7 5. e3 O-O 6. c4 c6 7. Bd3 a5 8. Ba3
axb4 9. Bxb4 Na6 10. Bc3 c5 11. O-O cxd4 12. Nxd4 Nc5 13. Bc2 Nfe4 14. Nxe4
Nxe4 15. Bb2 Nf6 16. Bb3 dxc4 17. Bxc4 Qb6 18. Qb3 Qa5 19. Rfd1 Ne4 20. Rac1
Nd2 21. Qd3 Nxc4 22. Rxc4 e5 23. Nb3 Qb6 24. a3 Bf5 25. Qc3 Rfd8 26. Rxd8+ Rxd8
27. h3 Be6 28. Rb4 Rd1+ 29. Kh2 Qd6 30. Rxb7 e4+ 31. g3 Bxc3 32. Bxc3 Bxb3 33.
Rxb3 Rd3 34. a4 Qc7 35. a5 Rxc3 36. Rb2 Qxa5 0-1

[Event "ODJM A 2017"]
[Site "Willingen GER"]
[Date "2017.06.04"]
[Round "2"]
[White "Hinrichs, Paul"]
[Black "Oberhofer, Marie"]
[Result "1/2-1/2"]
[Termination "normal"]
[Board "34"]
[WhiteElo "1916"]
[BlackElo "1599"]
[PlyCount "104"]
[WhiteFideId "12942545"]
[BlackFideId "12938165"]
[EventCountry "GER"]
[EventRounds "9"]
[EventType "swiss"]
[EventDate "2017.06.03"]

1. d4 Nf6 2. c4 c5 3. d5 e6 4. Nc3 exd5 5. cxd5 d6 6. Nf3 g6 7. Bf4 a6 8. a4
Bg7 9. h3 O-O 10. e3 Qc7 11. Bd3 Re8 12. Nd2 Nh5 13. Bh2 Nd7 14. Be2 Nhf6 15.
Nc4 Ne5 16. Nxe5 dxe5 17. O-O Bf5 18. Bc4 Rad8 19. Re1 Qb6 20. e4 Bd7 21. a5
Qc7 22. Qb3 Qd6 23. Re2 Nh5 24. Rae1 Bc8 25. Na4 Nf4 26. Rc2 f5 27. Bxf4 exf4
28. Rce2 fxe4 29. Rxe4 Rxe4 30. Rxe4 Bf5 31. Re1 Rd7 32. Nb6 Rf7 33. Re6 Bxe6
34. dxe6 Re7 35. Nd5 Kf8 36. Nxe7 Qxe7 37. Qf3 Qc7 38. b3 Be5 39. Qd5 Ke7 40.
h4 Bc3 41. h5 Kf6 42. Qe4 Be5 43. Kf1 Qd6 44. Bd5 Qc7 45. Kg1 Qxa5 46. hxg6
hxg6 47. Bxb7 Qa1+ 48. Kh2 Qd4 49. e7 Kxe7 50. Qxd4 Bxd4 51. Bxa6 Bxf2 52. Kh3
Kf6 1/2-1/2

[Event "ODJM A 2017"]
[Site "Willingen GER"]
[Date "2017.06.04"]
[Round "2"]
[White "Täschner, Simon"]
[Black "Wübker, Paul-Luca"]
[Result "0-1"]
[Termination "normal"]
[Board "35"]
[WhiteElo "1806"]
[BlackElo "1806"]
[PlyCount "102"]
[WhiteFideId "1270971"]
[BlackFideId "12939528"]
[EventCountry "GER"]
[EventRounds "9"]
[EventType "swiss"]
[EventDate "2017.06.03"]

1. c4 e6 2. g3 Nf6 3. Bg2 d5 4. Nf3 Be7 5. O-O O-O 6. cxd5 exd5 7. d4 Bf5 8.
Nc3 c6 9. Nh4 Be6 10. Re1 Nbd7 11. Qd3 Re8 12. Nf5 Bf8 13. f3 Nb6 14. b3 h6 15.
Bb2 Qd7 16. e4 Bxf5 17. exf5 Red8 18. g4 Bd6 19. Ne2 Qc7 20. h4 Bb4 21. Bc3
Bxc3 22. Qxc3 Re8 23. Kf2 Re7 24. Ng3 Rxe1 25. Rxe1 Qf4 26. Bh3 Ne4+ 27. Nxe4
dxe4 28. Rxe4 Qh2+ 29. Bg2 Qxh4+ 30. Kf1 Nd5 31. Qe1 Qd8 32. Kg1 Nf6 33. Rf4
Qd6 34. Qd2 Rd8 35. Bf1 c5 36. d5 Qxd5 37. Qxd5 Rxd5 38. Ra4 a6 39. Rc4 a5 40.
Rc2 b6 41. Bc4 Rd4 42. Kf2 Kf8 43. Re2 Ne8 44. Bb5 Nd6 45. Bc6 c4 46. bxc4 Rxc4
47. Bd7 b5 48. a3 Rc7 49. Be6 fxe6 50. fxe6 g6 51. Re1 Re7 0-1

[Event "ODJM A 2017"]
[Site "Willingen GER"]
[Date "2017.06.04"]
[Round "2"]
[White "Niemann, Leon"]
[Black "von Estorff, Jacob"]
[Result "0-1"]
[Termination "normal"]
[Board "36"]
[WhiteElo "1567"]
[BlackElo "1987"]
[PlyCount "84"]
[WhiteFideId "16218388"]
[BlackFideId "12974501"]
[EventCountry "GER"]
[EventRounds "9"]
[EventType "swiss"]
[EventDate "2017.06.03"]

1. Nf3 Nf6 2. g3 c5 3. Bg2 Nc6 4. O-O d5 5. d3 e5 6. Nbd2 Be7 7. e4 O-O 8. Qe2
d4 9. Nh4 Qc7 10. f4 exf4 11. Rxf4 g5 12. Rxf6 Bxf6 13. Nhf3 Ne5 14. Nxe5 Bxe5
15. Nc4 b5 16. Na3 b4 17. Nc4 f6 18. Bd2 Be6 19. Nxe5 Qxe5 20. Qd1 a5 21. b3 a4
22. g4 Rf7 23. Bc1 Rfa7 24. Bb2 axb3 25. axb3 Rxa1 26. Bxa1 Bxg4 27. Qxg4 Rxa1+
28. Bf1 Ra7 29. h4 Re7 30. h5 Kg7 31. Be2 Kh8 32. Kh1 Rg7 33. Kg2 Rg8 34. Bd1
Qf4 35. Qf5 Qxf5 36. exf5 Kg7 37. Bg4 Kf7 38. Kf2 Ke7 39. h6 Kd6 40. Bh5 Ke5
41. Bg6 Rh8 42. Bh5 Kxf5 0-1

[Event "ODJM A 2017"]
[Site "Willingen GER"]
[Date "2017.06.04"]
[Round "2"]
[White "Roth, Jakob"]
[Black "Brockmeyer, Tobias"]
[Result "0-1"]
[Termination "normal"]
[Board "37"]
[WhiteElo "1847"]
[BlackElo "1586"]
[PlyCount "94"]
[WhiteFideId "12952605"]
[BlackFideId "12982385"]
[EventCountry "GER"]
[EventRounds "9"]
[EventType "swiss"]
[EventDate "2017.06.03"]

1. d4 d5 2. c4 e6 3. Nc3 c6 4. Nf3 dxc4 5. a4 Bb4 6. e3 b5 7. Bd2 a5 8. axb5
Bxc3 9. Bxc3 cxb5 10. b3 Bb7 11. bxc4 b4 12. Bb2 Nf6 13. Bd3 Nbd7 14. O-O O-O
15. Nd2 Qc7 16. e4 e5 17. d5 Nc5 18. Bc2 Rfb8 19. f4 Nfd7 20. Qh5 f6 21. Rf3 a4
22. Rh3 a3 23. Qxh7+ Kf7 24. Bxe5 Nxe5 25. fxe5 Qxe5 26. Qh5+ Qxh5 27. Rxh5 Bc8
28. Nb3 Nxb3 29. Bxb3 Bd7 30. c5 Ba4 31. Rh3 Ke7 32. Ra2 Bxb3 33. Rxb3 Ra5 34.
c6 Kd6 35. Kf2 f5 36. exf5 Rxd5 37. g4 Kxc6 38. Kf3 Kc5 39. Ke3 Re8+ 40. Kf4
Kc4 41. Rg3 Rd3 42. g5 Rxg3 43. hxg3 b3 44. Rxa3 b2 45. Ra4+ Kc5 46. Ra5+ Kc6
47. Ra6+ Kb7 0-1

[Event "ODJM A 2017"]
[Site "Willingen GER"]
[Date "2017.06.04"]
[Round "2"]
[White "Lohrmann, Tabea"]
[Black "Irkilmez, Yakub"]
[Result "0-1"]
[Termination "normal"]
[Board "38"]
[WhiteElo "1729"]
[BlackElo "1921"]
[PlyCount "88"]
[WhiteFideId "12911941"]
[BlackFideId "16204581"]
[EventCountry "GER"]
[EventRounds "9"]
[EventType "swiss"]
[EventDate "2017.06.03"]

1. e4 e6 2. d4 d5 3. exd5 exd5 4. Nf3 Bd6 5. c4 c6 6. Nc3 Nf6 7. c5 Bc7 8. Bd3
Bg4 9. O-O O-O 10. Re1 Re8 11. Be2 h6 12. Qd3 Ne4 13. h3 Bf5 14. Qd1 Nd7 15.
Be3 Ndf6 16. Nxe4 Nxe4 17. Nd2 Ng5 18. Bg4 Bg6 19. Nf1 f5 20. Be2 f4 21. Bd2
Qf6 22. Bc3 Rxe2 23. Qxe2 f3 24. Qe7 fxg2 25. Qxf6 gxf1=Q+ 26. Kxf1 gxf6 27.
Re7 Rc8 28. Ree1 Kf7 29. Bd2 Nf3 30. Red1 Nxd4 31. Bxh6 Ne6 32. Be3 Rh8 33. Kg2
Bf5 34. Rh1 d4 35. Bd2 Nxc5 36. h4 Nd3 37. b3 Ne5 38. Rad1 Be4+ 39. Kh2 Nf3+
40. Kg2 Nxd2+ 41. Kg1 Nf3+ 42. Kf1 Nd2+ 43. Rxd2 Bxh1 44. Rxd4 Ke7 0-1

[Event "ODJM A 2017"]
[Site "Willingen GER"]
[Date "2017.06.04"]
[Round "2"]
[White "Brunner, Tobias"]
[Black "Pahl, Theis"]
[Result "1-0"]
[Termination "normal"]
[Board "39"]
[WhiteElo "1841"]
[BlackElo "1664"]
[PlyCount "63"]
[WhiteFideId "12949833"]
[BlackFideId "16201264"]
[EventCountry "GER"]
[EventRounds "9"]
[EventType "swiss"]
[EventDate "2017.06.03"]

1. e4 c5 2. Nc3 Nc6 3. Bc4 e6 4. f4 Nge7 5. d3 d5 6. Bb3 g6 7. Nf3 Bg7 8. O-O
O-O 9. Qe1 a6 10. a4 b6 11. Ne2 e5 12. fxe5 Nxe5 13. Nxe5 Bxe5 14. Nc3 Bd4+ 15.
Kh1 Bb7 16. Bg5 f6 17. Bh6 Re8 18. Qh4 g5 19. Qh5 Ng6 20. Nxd5 Kh8 21. Bxg5
Bxd5 22. Bxd5 fxg5 23. Rf7 Bg7 24. Bxa8 Qxa8 25. Qxg5 Rf8 26. Raf1 Rxf7 27.
Rxf7 Qe8 28. Rf1 h6 29. Qd5 Kh7 30. a5 Qb5 31. axb6 Qxb6 32. b3 1-0

[Event "ODJM A 2017"]
[Site "Willingen GER"]
[Date "2017.06.04"]
[Round "2"]
[White "Kostanyan, Hakob"]
[Black "Thumm, Felix"]
[Result "0-1"]
[Termination "normal"]
[Board "40"]
[WhiteElo "1737"]
[BlackElo "1879"]
[PlyCount "98"]
[WhiteFideId "12977683"]
[BlackFideId "12902209"]
[EventCountry "GER"]
[EventRounds "9"]
[EventType "swiss"]
[EventDate "2017.06.03"]

1. e4 c5 2. Nf3 e6 3. d4 cxd4 4. Nxd4 a6 5. Nc3 Qc7 6. Bd3 b5 7. O-O Bb7 8. Re1
Nf6 9. Bg5 b4 10. Nce2 Nxe4 11. Bxe4 Bxe4 12. Nf4 Qe5 13. Nf3 Qf5 14. Nd4 Qxg5
15. Rxe4 Be7 16. Qf3 Ra7 17. Rae1 O-O 18. g3 Rc7 19. Qd3 Qc5 20. Re5 Qc4 21.
Nd5 exd5 22. Rxe7 Qxa2 23. Qe3 Rcc8 24. h4 Qxb2 25. h5 Qc3 26. Qe5 Nc6 27. Nxc6
Rxc6 28. Qxd5 Re6 29. R1xe6 dxe6 30. Qd7 Qxc2 31. Re8 Qc1+ 32. Kg2 Qc5 33.
Rxf8+ Qxf8 34. Qa7 Qc8 35. h6 gxh6 36. Qe3 Qc6+ 37. Kh2 Qc2 38. Qxh6 Qxf2+ 39.
Kh3 Qf5+ 40. Kg2 b3 41. Qh4 b2 42. Qd8+ Kg7 43. Qd4+ Qf6 44. Qg4+ Kf8 45. Qb4+
Kg7 46. Qg4+ Kh8 47. Qb4 Kg8 48. Qb8+ Kg7 49. Qb4 a5 0-1

[Event "ODJM A 2017"]
[Site "Willingen GER"]
[Date "2017.06.04"]
[Round "2"]
[White "Nasoyan, Maksim"]
[Black "Thumm, Niklas"]
[Result "1-0"]
[Termination "normal"]
[Board "41"]
[WhiteElo "1917"]
[BlackElo "1772"]
[PlyCount "37"]
[WhiteFideId "16220331"]
[BlackFideId "12918733"]
[EventCountry "GER"]
[EventRounds "9"]
[EventType "swiss"]
[EventDate "2017.06.03"]

1. e4 e5 2. Nf3 Nc6 3. Bb5 Bc5 4. Nxe5 Bxf2+ 5. Kxf2 Nxe5 6. Rf1 Qf6+ 7. Kg1
Qb6+ 8. d4 Qxb5 9. Nc3 Qa5 10. dxe5 Qxe5 11. Rf5 Qe6 12. Nd5 Kd8 13. Qg4 g6 14.
Bg5+ f6 15. Rxf6 Nxf6 16. Bxf6+ Qxf6 17. Nxf6 c6 18. Qg5 Kc7 19. Nd5+ 1-0

[Event "ODJM A 2017"]
[Site "Willingen GER"]
[Date "2017.06.04"]
[Round "2"]
[White "Doll, Alexander"]
[Black "Rudolph, Eva"]
[Result "1-0"]
[Termination "normal"]
[Board "42"]
[WhiteElo "1784"]
[BlackElo "1679"]
[PlyCount "85"]
[WhiteFideId "16228294"]
[BlackFideId "16200594"]
[EventCountry "GER"]
[EventRounds "9"]
[EventType "swiss"]
[EventDate "2017.06.03"]

1. e4 e5 2. Bc4 Nf6 3. d3 Be7 4. Nf3 d6 5. O-O O-O 6. c3 Bg4 7. Nbd2 c6 8. Re1
Nbd7 9. Bb3 Re8 10. d4 Bf8 11. h3 Bh5 12. Bc2 Qc7 13. Nf1 h6 14. Ng3 Bg6 15.
Nh4 Bh7 16. Nhf5 d5 17. dxe5 Nxe5 18. f4 Ng6 19. e5 Nd7 20. Qg4 Kh8 21. h4 Ne7
22. Bb1 Nxf5 23. Nxf5 Bc5+ 24. Be3 Bxe3+ 25. Rxe3 Bxf5 26. Bxf5 Nf8 27. Rg3 Ne6
28. Re1 Qe7 29. Bc2 f6 30. Bg6 fxe5 31. Rxe5 Qf6 32. Bxe8 Rxe8 33. Qg6 Qxg6 34.
Rxg6 Nc7 35. Rxe8+ Nxe8 36. Re6 Nf6 37. Re7 b5 38. Rxa7 c5 39. Rb7 d4 40. cxd4
cxd4 41. Rxb5 d3 42. Rb8+ Kh7 43. Rd8 1-0

[Event "ODJM A 2017"]
[Site "Willingen GER"]
[Date "2017.06.04"]
[Round "2"]
[White "Verhufen, Hendrik"]
[Black "Bold, Andre"]
[Result "1/2-1/2"]
[Termination "normal"]
[Board "43"]
[WhiteElo "1408"]
[BlackElo "1905"]
[PlyCount "47"]
[WhiteFideId "12975818"]
[BlackFideId "16208471"]
[EventCountry "GER"]
[EventRounds "9"]
[EventType "swiss"]
[EventDate "2017.06.03"]

1. e4 c5 2. d4 cxd4 3. c3 d3 4. Bxd3 Nc6 5. Nf3 d6 6. O-O Bg4 7. Nbd2 e6 8. Re1
Qc7 9. Qa4 Bxf3 10. Nxf3 Nf6 11. e5 Nd7 12. Bf4 d5 13. Nd4 Nc5 14. Nb5 Qd7 15.
Qc2 Nxd3 16. Qxd3 a6 17. Nd6+ Bxd6 18. exd6 O-O 19. c4 dxc4 20. Qxc4 e5 21.
Bxe5 Nxe5 22. Rxe5 Qxd6 23. Rae1 Rad8 24. R5e2 1/2-1/2

[Event "ODJM A 2017"]
[Site "Willingen GER"]
[Date "2017.06.04"]
[Round "2"]
[White "Knüdel, Torben"]
[Black "Hetzner, Hannes"]
[Result "1-0"]
[Termination "normal"]
[Board "44"]
[WhiteElo "1845"]
[BlackElo "1602"]
[PlyCount "73"]
[WhiteFideId "16208820"]
[BlackFideId "16211936"]
[EventCountry "GER"]
[EventRounds "9"]
[EventType "swiss"]
[EventDate "2017.06.03"]

1. e4 e6 2. d4 d5 3. Nc3 Bb4 4. e5 c5 5. a3 Bxc3+ 6. bxc3 Ne7 7. Nf3 b6 8. Bb5+
Bd7 9. Bd3 Ba4 10. h4 h6 11. h5 c4 12. Be2 Kd7 13. Bf4 Qg8 14. Qd2 Qh7 15. Rc1
Nbc6 16. Nh2 g5 17. hxg6 Qxg6 18. Ng4 Ng8 19. Bf3 h5 20. Ne3 Nce7 21. Nxc4 Nf5
22. Ne3 Nge7 23. c4 Nxe3 24. Bxe3 Rac8 25. cxd5 Nxd5 26. c4 Nxe3 27. fxe3 Bb3
28. Qb4 Qd3 29. Be2 Qxe3 30. Rc3 Qg5 31. O-O Rcg8 32. Bf3 h4 33. Qd6+ Kc8 34.
Bc6 Rd8 35. Bb7+ Kxb7 36. Rxf7+ Ka6 37. Qc6 1-0

[Event "ODJM A 2017"]
[Site "Willingen GER"]
[Date "2017.06.04"]
[Round "2"]
[White "Seregina, Maria"]
[Black "Noever, Niklas"]
[Result "1-0"]
[Termination "normal"]
[Board "45"]
[WhiteElo "1829"]
[BlackElo "1628"]
[PlyCount "73"]
[WhiteFideId "24178853"]
[BlackFideId "12988642"]
[EventCountry "GER"]
[EventRounds "9"]
[EventType "swiss"]
[EventDate "2017.06.03"]

1. f4 d5 2. Nf3 Nf6 3. g3 g6 4. Bg2 Bg7 5. O-O c5 6. d3 O-O 7. Qe1 Nc6 8. e4
dxe4 9. dxe4 Nd4 10. Nxd4 Qxd4+ 11. Kh1 Rb8 12. Nc3 Be6 13. Be3 Qb4 14. h3 b6
15. Rb1 Rfd8 16. a3 Qc4 17. f5 gxf5 18. Rf4 Qa6 19. exf5 Bd5 20. Nxd5 Nxd5 21.
Rg4 Nf6 22. Rh4 Rd7 23. Bc6 Rdd8 24. Bf4 Rbc8 25. Qxe7 Rf8 26. Bb7 Rce8 27.
Bxa6 Rxe7 28. Bd6 Rfe8 29. Bxe7 Rxe7 30. Rf4 Nh5 31. Rf3 Be5 32. Kg2 Rd7 33.
Bd3 f6 34. b4 cxb4 35. Rxb4 Kf8 36. Rh4 Ng7 37. Rxh7 1-0

[Event "ODJM A 2017"]
[Site "Willingen GER"]
[Date "2017.06.04"]
[Round "2"]
[White "Kögel, Josef"]
[Black "Petersen, Finn Christopher"]
[Result "0-1"]
[Termination "normal"]
[Board "46"]
[WhiteElo "1569"]
[BlackElo "1720"]
[PlyCount "64"]
[WhiteFideId "16237641"]
[BlackFideId "12964840"]
[EventCountry "GER"]
[EventRounds "9"]
[EventType "swiss"]
[EventDate "2017.06.03"]

1. e4 e5 2. Bc4 Nf6 3. Nc3 Nc6 4. d3 Bc5 5. f4 d6 6. Nf3 Bg4 7. h3 Bxf3 8. Qxf3
Nd4 9. Qd1 g6 10. fxe5 Nh5 11. h4 dxe5 12. Bg5 f6 13. Bh6 Qd7 14. g4 Nf4 15.
Bxf4 exf4 16. Nd5 Qd6 17. c3 Nc6 18. d4 Bb6 19. Qf3 g5 20. hxg5 fxg5 21. e5
Nxe5 22. dxe5 Qxe5+ 23. Kd2 O-O-O 24. Rae1 Be3+ 25. Kc2 Rhe8 26. Rh3 Qd6 27.
Kb1 Qc5 28. Nxe3 Rd2 29. Bb3 fxe3 30. Rxe3 Rf8 31. Qe4 Qc6 32. Qxc6 Rf1+ 0-1

[Event "ODJM A 2017"]
[Site "Willingen GER"]
[Date "2017.06.04"]
[Round "2"]
[White "Kracht, Raphael"]
[Black "Zell, Mirjam"]
[Result "1-0"]
[Termination "normal"]
[Board "47"]
[WhiteElo "1682"]
[BlackElo "1669"]
[PlyCount "57"]
[WhiteFideId "16214382"]
[BlackFideId "16208544"]
[EventCountry "GER"]
[EventRounds "9"]
[EventType "swiss"]
[EventDate "2017.06.03"]

1. e4 e5 2. Nf3 Nc6 3. Bb5 Nf6 4. O-O d6 5. d4 a6 6. Bxc6+ bxc6 7. dxe5 Nxe4 8.
exd6 Nxd6 9. Qd4 Be6 10. Re1 Nb5 11. Qa4 Qd7 12. c4 Nd6 13. Ne5 Qc8 14. Qxc6+
Kd8 15. Nxf7+ Nxf7 16. Rxe6 Bd6 17. Be3 Rb8 18. Re4 Rxb2 19. c5 Qb8 20. Nc3 Be5
21. Rd1+ Kc8 22. Nd5 Qb7 23. Qe6+ Kb8 24. Qxf7 Rb1 25. Qf3 Bf6 26. c6 Rxd1+ 27.
Qxd1 Qxc6 28. Rb4+ Ka8 29. Nxc7+ 1-0